00859cam a2200265 a 450000100060000000300080000600500170001400800410003103500190007203500120009104000210010304100080012408200240013210000360015624500380019225000120023026000320024230000280027449000550030250400300035765000220038794200120040999900170042195201550043869185BD-RjUL20211209081846.0731001s1967 enka b 000 0 eng  a(BD-RjUL)69396 a2079624 aLCbengcLCdNUN aeng04a592.6223bDAA 19701 aDales, Rodney Phillips.922856710aAnnelidsc[by] R. Phillips Dales. a2nd ed. aLondon,bHutchinson,c1967. a200 p.bdiagrs.c22 cm.0 aHutchinson university library: biological sciences aBibliography: p. 189-194. 0aAnnelida.9228568 2ddccBK c69185d69185 00102ddc40718NFICaRUCLbRUCLcReadingd1976-11-21ejonathan wren & Co. Londong60.00l0o592.6 DAA 1970r2019-02-25 00:00:00tC-1w2019-02-25yBK